000 00841nam a22002417a 4500
003 OSt
005 20240709033115.0
008 240709b |||||||| |||| 00| 0 eng d
020 _a978-1-4925-3668-0
040 _aDWC- Main Lib
_cOC
082 _aCirc. 372.86 A545b 2017
100 _aAnderson, Leigh
245 _aBuilding character, community, and growth mindset in physical education activities that promote learning and emotional and social development/
_cLeigh Anderson.
260 _aChampaign IL:
_bHuman Kinetics,
_cc2017.
300 _ax, 189 pages :
_billustration ;
_c26cm.
504 _aIncludes references.
650 _a1. Physical education for children
650 _a2. study and teaching
650 _a3. Activity Program
650 _a4. Moral education
650 _a5. Social learning
942 _2ddc
_cBK-CIRC
_n1
999 _c2142
_d2142